Sports Quiz

Random Sports or Baseball Quiz

Mets Top 5 Quiz Stats

 Plays Quiz not verified by Sporcle

Score 0/86 Timer 12:00
0 Plays Today
Player % Correct
David Wright
97.1%
David Wright
97.1%
David Wright
97.1%
David Wright
97.1%
David Wright
97.1%
David Wright
97.1%
Tom Seaver
95%
Tom Seaver
95%
Tom Seaver
95%
Tom Seaver
95%
Tom Seaver
95%
Jose Reyes
94.8%
Jose Reyes
94.8%
Jose Reyes
94.8%
Jose Reyes
94.8%
Darryl Strawberry
94.5%
Darryl Strawberry
94.5%
Darryl Strawberry
94.5%
Darryl Strawberry
94.5%
Mike Piazza
89.3%
Mike Piazza
89.3%
Mike Piazza
89.3%
Mike Piazza
89.3%
Dwight Gooden
88.3%
Dwight Gooden
88.3%
Dwight Gooden
88.3%
Howard Johnson
86.6%
Howard Johnson
86.6%
Howard Johnson
86.6%
Player % Correct
Howard Johnson
86.6%
Howard Johnson
86.6%
Howard Johnson
86.6%
John Franco
83.2%
John Franco
83.2%
Davey Johnson
79.1%
Davey Johnson
79.1%
Keith Hernandez
77%
Mookie Wilson
73.9%
Mookie Wilson
73.9%
Jerry Koosman
72.4%
Jerry Koosman
72.4%
Jerry Koosman
72.4%
Jerry Koosman
72.4%
Cleon Jones
69.8%
Cleon Jones
69.8%
Cleon Jones
69.8%
Ed Kranepool
69.4%
Ed Kranepool
69.4%
Ed Kranepool
69.4%
Ed Kranepool
69.4%
Johan Santana
69.4%
Johan Santana
69.4%
Ron Darling
67.8%
Bobby Valentine
63.9%
Bobby Valentine
63.9%
Jesse Orosco
61.7%
Jesse Orosco
61.7%
Jesse Orosco
61.7%
Player % Correct
John Olerud
60.7%
Sid Fernandez
60%
Sid Fernandez
60%
Sid Fernandez
60%
Billy Wagner
58.6%
Edgardo Alfonzo
57.8%
Edgardo Alfonzo
57.8%
Edgardo Alfonzo
57.8%
Edgardo Alfonzo
57.8%
Armando Benitez
57.2%
Gil Hodges
57.1%
Gil Hodges
57.1%
Yogi Berra
53.6%
Yogi Berra
53.6%
Dave Kingman
52.8%
Bud Harrelson
52.4%
Bud Harrelson
52.4%
David Cone
50.8%
Tug McGraw
47.5%
Willie Randolph
47.3%
Jon Matlack
43.6%
Jerry Grote
39.9%
Steve Henderson
33.5%
Pedro Feliciano
30.9%
Lee Mazzilli
29.5%
Bret Saberhagen
23.1%
Rick Reed
23%
Dave Magadan
20.9%

You're not logged in!

Compare scores with friends on all Sporcle quizzes.
OR
Log In

Show Comments

Extras

Top Quizzes Today


Score Distribution

Your Account Isn't Verified!

In order to create a playlist on Sporcle, you need to verify the email address you used during registration. Go to your Sporcle Settings to finish the process.

Report this User

Report this user for behavior that violates our Community Guidelines.

Details: